Sports Quiz

Random Sports or NBA Quiz
Score 0/25 Timer 04:00
0 Plays Today
% Correct
Lebron James
90.9%
Dwayne Wade
90.9%
Carmelo Anthony
86.4%
Kobe Bryant
86.4%
Kevin Durant
81.8%
Blake Griffin
77.3%
Chris Paul
77.3%
Russell Westbrook
72.7%
Dwight Howard
72.7%
Chris Bosh
72.7%
Paul Pierce
72.7%
Deron Williams
72.7%
Dirk Nowitzki
72.7%
% Correct
Derrick Rose
68.2%
Joe Johnson
68.2%
Rajon Rondo
68.2%
Steve Nash
63.6%
Marc Gasol
63.6%
Kevin Love
63.6%
Tony Parker
63.6%
Luol Deng
50%
Lamarcus Aldridge
50%
Andrew Bynum
45.5%
Roy Hibbert
36.4%
Andre Iguodala
22.7%
Remove Ads.
Support Sporcle.
Get the best of Sporcle when you Go Orange. This ad-free experience offers more features, more stats, and more fun while also helping to support Sporcle. Thank you for becoming a member.

You're not logged in!

Compare scores with friends on all Sporcle quizzes.
OR
Log In

Show Comments

Extras

Top Quizzes Today


Score Distribution

Your Account Isn't Verified!

In order to create a playlist on Sporcle, you need to verify the email address you used during registration. Go to your Sporcle Settings to finish the process.

Report this User

Report this user for behavior that violates our Community Guidelines.

Details: